The usborne internet linked : science encyclopedia
| Other Authors: | , |
|---|---|
| Format: | Book |
| Published: |
London :
Usborne Publishing ,
2000
|
| Subjects: |
MARC
| LEADER | 00000cam a2200000 7i4500 | ||
|---|---|---|---|
| 001 | 0000056830 | ||
| 005 | 20151214.0 | ||
| 008 | 151207 | ||
| 020 | |a 074603833x | ||
| 090 | 0 | 0 | |a R500 |b KIR |
| 245 | 1 | 0 | |a The usborne internet linked : |b science encyclopedia |c managing editor by Judy Tatchell |
| 260 | |a London : |b Usborne Publishing , |c 2000 | ||
| 300 | |a 448pg | ||
| 500 | |a Includes Index & Glossary | ||
| 650 | 0 | |a Science |x encyclopedias | |
| 650 | 0 | |a Science |x encyclopedias, juvenile | |
| 700 | 1 | |a Russell, Ruth | |
| 700 | 1 | |a Tatchell, Judy | |
| 999 | |a 0000894765 |b Book |c REFERENCE |e Cawangan Segamat | ||